| 000 | 00451pab a2200157 454500 | ||
|---|---|---|---|
| 008 | 180718b2003 xxu||||| |||| 00| 0 eng d | ||
| 100 | _aKrishna Mohan, P.V.T. | ||
| 245 | _aIs anaemia a public health problem in Gujarat? an investigation using NFHS-2 data | ||
| 260 | _c2003 | ||
| 300 | _ap.171-80. | ||
| 362 | _aJul-Dec | ||
| 650 | _aHealth services - India - Gujarat | ||
| 650 | _aHealth services | ||
| 773 | _aDemography India | ||
| 909 | _a62611 | ||
| 999 |
_c62611 _d62611 |
||